[Event "Challenge"]
[Site "http://www.queenalice.com/game.php?id=402697"]
[Date "2008.5.14"]
[Round "-"]
[White "filipewao"]
[Black "PHSP"]
[Result "0-1"]
[WhiteElo "1536"]
[BlackElo "1377"]

1. e4 e5 2. Nf3 f6 3. Bc4 Qe7 4. d4 Qb4+ 5. Nbd2 exd4 6. Nxd4 b5 7. c3 Qd6 8.
Nxb5 Qc5 9. b4 Qg5 10. Nxc7+ Kd8 11. Nxa8 Qxg2 12. Ke2 d6 13. Ba3 Bg4+ 14. Nf3
Bxf3+ 15. Kd2 Bxd1 16. Raxd1 Qxe4 17. Bb5 Qxa8 18. Rhe1 Qd5+ 19. Bd3 Qxa2+ 20.
Ke3 Qxa3 21. Ra1 Qxc3 22. Rec1 Qxb4 23. Rab1 Qxb1 24. Rxb1 Nc6 25. Bb5 Nge7 26.
Rc1 Kd7 27. f4 g5 28. fxg5 fxg5 29. Bxc6+ Nxc6 30. Ke4 Bg7 31. Kd5 Rc8 32. Rf1
Rf8 33. Rc1 Nb4+ 34. Kc4 Rf4+ 35. Kb3 a5 36. Rg1 h6 37. Ra1 Bxa1 38. Ka4 Nc6+
39. Kb5 Rb4+ 40. Ka6 Bd4 41. h4 Kc7 42. h5 Rb6# 0-1

[Event "MAGNALDO´S GAME"]
[Site "http://www.queenalice.com/game.php?id=424737"]
[Date "2008.6.28"]
[Round "-"]
[White "PHSP"]
[Black "RatzMeister"]
[Result "1-0"]
[WhiteElo "1423"]
[BlackElo "1724"]

1. d4 d5 2. e3 c5 3. Bd2 Qb6 4. Nc3 Nf6 5. Na4 Qc6 6. Nxc5 e6 7. a4 Bxc5 8. Bb5
O-O 9. Bxc6 Nxc6 10. dxc5 b6 11. b4 bxc5 12. b5 Ne5 13. Qe2 Nc4 14. Nf3 e5 15.
Bc3 Ne4 16. h3 f6 17. O-O g5 18. Rad1 Be6 19. Qd3 h5 20. h4 g4 21. Nd2 f5 22. f3
gxf3 23. Rxf3 f4 24. exf4 Rxf4 25. a5 Nexd2 26. Rg3+ Rg4 27. Rxg4+ Bxg4 28. Qg6+
Kf8 29. Re1 Re8 30. b6 d4 31. Qd3 axb6 32. Bxd2 Nxd2 33. Qxd2 bxa5 34. Qxa5 Kf7
35. Qxc5 Kf6 36. Qc6+ Re6 37. Rf1+ Bf5 38. Qc8 e4 39. Qf8+ Ke5 40. Qxf5+ Kd6 41.
Qxh5 Re5 42. Qd1 Kd5 43. Rf4 Kc4 44. Qe2+ Kc3 45. Rxe4 Rxe4 46. Qxe4 Kc4 47. h5
Kc3 48. Qe2 Kb4 49. h6 Kc3 50. h7 d3 51. cxd3 Kd4 52. h8=Q+ Kd5 53. Qd8+ Kc5 54.
d4+ Kc6 55. Qc2+ Kb7 56. Qcc8+ Ka7 57. Qdc7# 1-0

[Event "Challenge"]
[Site "http://www.queenalice.com/game.php?id=437079"]
[Date "2008.7.22"]
[Round "-"]
[White "PHSP"]
[Black "filipewao"]
[Result "1-0"]
[WhiteElo "1399"]
[BlackElo "1592"]

1. d4 e6 2. e4 d5 3. Nc3 Bb4 4. Bd2 Bxc3 5. Bxc3 dxe4 6. Qe2 f5 7. d5 exd5 8.
Bxg7 Nc6 9. Qh5+ Ke7 10. Bxh8 Nf6 11. Qg5 Qxh8 12. c3 Be6 13. f3 e3 14. Qxe3 Re8
15. O-O-O Kd8 16. Bb5 Bd7 17. Qc5 Qg8 18. g3 f4 19. Ne2 fxg3 20. hxg3 Re5 21.
Bxc6 Bxc6 22. Nd4 Qxg3 23. Rhg1 Qf4+ 24. Rd2 a6 25. Qa7 Qe3 26. Rg7 Bd7 27. Qb8+
Bc8 28. Qxc7+ Ke8 29. Qxc8# 1-0

[Event "Challenge"]
[Site "http://www.queenalice.com/game.php?id=450431"]
[Date "2008.8.19"]
[Round "-"]
[White "filipewao"]
[Black "PHSP"]
[Result "0-1"]
[WhiteElo "1505"]
[BlackElo "1451"]

1. e4 e5 2. g3 Nf6 3. Bg2 Bc5 4. Nh3 Ng4 5. Qxg4 Qf6 6. O-O Nc6 7. Nc3 d6 8. Qh4
Be6 9. Qg5 h6 10. Qxf6 gxf6 11. d3 a6 12. a3 f5 13. exf5 Bxf5 14. b4 Bd4 15. Bd2
Bd7 16. Rae1 Be6 17. b5 Bxc3 18. Bxc3 axb5 19. Bb4 e4 20. Rxe4 O-O-O 21. c4 bxc4
22. dxc4 d5 23. cxd5 Bxd5 24. Ree1 Bc4 25. Rc1 Bxf1 26. Bxf1 Ne5 27. Kg2 b6 28.
Bc3 Rhe8 29. f4 Ng4 30. a4 Ne3+ 31. Kf3 Nxf1 32. Rxf1 Rd3+ 33. Kg4 Rxc3 34. Kh5
Rc2 35. Rh1 Rh8 36. Ra1 Rc5+ 37. Kg4 Ra5 38. f5 b5 39. Nf4 bxa4 40. h4 a3 41.
Nd3 c5 42. Ne1 Rg8+ 43. Kf3 Re8 44. Nc2 a2 45. Ne3 Ra3 46. Kf4 Rexe3 47. g4 Rh3
48. h5 c4 49. g5 Rh4+ 50. Ke5 hxg5 51. Kf6 Rxh5 52. Kxf7 Rh6 53. f6 Ra7+ 54. Ke6
Ra6+ 55. Kf5 Rhxf6+ 56. Kxg5 c3 57. Kg4 c2 58. Kg5 Rfd6 59. Kf5 Rd1 60. Rxa2
Rxa2 61. Ke6 c1=Q 62. Ke7 Qg5+ 63. Ke6 Ra6+ 64. Kf7 Rd7+ 65. Kf8 Qd8# 0-1

[Event "Challenge"]
[Site "http://www.queenalice.com/game.php?id=466870"]
[Date "2008.9.22"]
[Round "-"]
[White "coccobill"]
[Black "PHSP"]
[Result "1-0"]
[WhiteElo "1764"]
[BlackElo "1483"]

1. e4 e5 2. Nf3 d6 3. Bc4 Be6 4. Qe2 Nf6 5. Nc3 Nc6 6. Bxe6 fxe6 7. d3 Nd4 8.
Nxd4 exd4 9. Nb1 h5 10. O-O d5 11. Bg5 Be7 12. exd5 Nxd5 13. Bxe7 Qxe7 14. Qe4
O-O-O 15. Nd2 Qg5 16. Qxe6+ Rd7 17. Nf3 Qg4 18. Qxg4 hxg4 19. Ne5 Re7 20. Ng6
Rhe8 21. Nxe7+ Rxe7 22. Rfe1 b5 23. Rxe7 Nxe7 24. Re1 Kd8 25. Re4 c5 26. Rxg4
Nf5 27. Rg5 g6 28. Rxg6 a5 29. Rg5 Nd6 30. Rxc5 Kd7 31. Rd5 Kc6 32. Rxd6+ Kxd6
33. f4 Ke6 34. g4 Kf6 35. h4 Kg6 36. Kf2 b4 37. Kf3 a4 38. Ke4 Kf6 39. Kxd4 a3
40. bxa3 bxa3 41. h5 Kg7 42. g5 Kf7 43. f5 Kg7 44. Kd5 Kf7 45. h6 Kg8 46. Ke6
Kh7 47. d4 Kg8 48. g6 Kh8 49. f6 Kg8 50. Ke7 Kh8 51. Ke8 Kg8 52. f7+ Kh8 53.
f8=Q# 1-0

[Event "Challenge"]
[Site "http://www.queenalice.com/game.php?id=470578"]
[Date "2008.9.30"]
[Round "-"]
[White "RatzMeister"]
[Black "PHSP"]
[Result "1-0"]
[WhiteElo "1676"]
[BlackElo "1451"]

1. e4 e5 2. d4 exd4 3. Qxd4 Nc6 4. Qc4 Ne5 5. Qb3 d6 6. Nf3 Be6 7. Qxb7 Nf6 8.
Nxe5 dxe5 9. Bb5+ Bd7 10. Bxd7+ Nxd7 11. Qd5 Rb8 12. b3 Be7 13. Be3 a6 14. Nd2
Nb6 15. Qxe5 O-O 16. O-O h6 17. Rad1 Bf6 18. Qc5 Qe7 19. Qc6 Qd6 20. Qxd6 cxd6
21. Nf3 Rfd8 22. Bf4 Nc8 23. e5 Be7 24. c4 Rb4 25. Nd4 Na7 26. e6 a5 27. Bd2 Ra4
28. bxa4 fxe6 29. Bxa5 Rf8 30. Nxe6 Rf6 31. Rfe1 Nc6 32. Rd5 Kh7 33. Bc7 Kg6 34.
Bxd6 Rf5 35. Bxe7 Nxe7 36. Rxf5 Kxf5 37. Nxg7+ Kf6 38. Ne6 h5 39. Nf4 Kg5 40.
Rxe7 Kxf4 41. a5 h4 42. a6 Kg4 43. a7 h3 44. a8=Q hxg2 45. Qxg2+ Kf5 46. Qg7 Kf4
47. Re5 Kf3 48. Qg3# 1-0

[Event "Challenge"]
[Site "http://www.queenalice.com/game.php?id=472544"]
[Date "2008.10.4"]
[Round "-"]
[White "PHSP"]
[Black "filipewao"]
[Result "0-1"]
[WhiteElo "1478"]
[BlackElo "1527"]

1. e4 e5 2. Nf3 d6 3. Nc3 Nf6 4. Bc4 Bg4 5. d3 Be7 6. h3 Bxf3 7. Qxf3 c6 8. Bg5
b5 9. Bb3 b4 10. Ne2 O-O 11. O-O c5 12. Ng3 Nc6 13. Nf5 h6 14. Bxf6 Bxf6 15. Bd5
Rc8 16. a3 Nd4 17. Nxd4 exd4 18. axb4 cxb4 19. Rxa7 Rxc2 20. b3 Rc3 21. Rb7 Be5
22. Rxb4 Qc8 23. Rb7 Rc1 24. Qe2 Rc2 25. Qd1 Qc3 26. Qh5 Rc1 27. Bxf7+ Kh7 28.
Qf5+ Kh8 29. f4 Bf6 30. e5 Bh4 31. exd6 Rxf1+ 32. Kxf1 Qe1# 0-1

[Event "Challenge"]
[Site "http://www.queenalice.com/game.php?id=486633"]
[Date "2008.11.1"]
[Round "-"]
[White "filipewao"]
[Black "PHSP"]
[Result "1-0"]
[WhiteElo "1537"]
[BlackElo "1464"]

1. e4 e5 2. Nf3 d5 3. exd5 Qxd5 4. c4 Qe4+ 5. Qe2 Qc2 6. Na3 Bxa3 7. Qxe5+ Ne7
8. bxa3 O-O 9. Qxe7 Nc6 10. Qxc7 Rb8 11. Nd4 Qe4+ 12. Ne2 Bh3 13. f3 Qe7 14. Qg3
Qf6 15. Rb1 Bf5 16. Rb3 Rfe8 17. Re3 b6 18. Nf4 g6 19. Bd3 Qa1 20. O-O Qd4 21.
h4 Bxd3 22. Nxd3 Rxe3 23. dxe3 Qxd3 24. Qc7 Qxe3+ 25. Bxe3 Rf8 26. Qxc6 Kg7 27.
Bd4+ f6 28. Re1 Rf7 29. Re6 h5 30. Bxf6+ Kh6 31. Qe8 Rg7 32. Qh8+ Rh7 33. Bg5#
1-0

[Event "filipewao"]
[Site "http://www.queenalice.com/game.php?id=499201"]
[Date "2008.11.27"]
[Round "1"]
[White "PHSP"]
[Black "filipewao"]
[Result "1-0"]
[WhiteElo "1444"]
[BlackElo "1535"]

1. e4 e5 2. Nf3 Nc6 3. Nc3 Bc5 4. d3 d6 5. Be3 Bb4 6. Rb1 Bg4 7. Be2 Bxf3 8.
Bxf3 Nge7 9. O-O O-O 10. Nd5 a5 11. Bg5 f6 12. c3 fxg5 13. cxb4 axb4 14. b3 Rxa2
15. Ra1 Rxa1 16. Qxa1 Nd4 17. Qa5 Nxd5 18. Qxd5+ Rf7 19. Qxb7 c5 20. Qd5 Qf6 21.
Bg4 Kf8 22. Qa8+ Ke7 23. Qc8 Qf4 24. Qd7+ Kf6 25. Qxd6+ Ne6 26. Qxe6# 1-0

[Event "Nueava jugada"]
[Site "http://www.queenalice.com/game.php?id=501531"]
[Date "2008.12.2"]
[Round "-"]
[White "Liz"]
[Black "PHSP"]
[Result "0-1"]
[WhiteElo "1308"]
[BlackElo "1464"]

1. e4 e5 2. f3 Bc5 3. Bc4 d6 4. Ne2 Qg5 5. d4 Bb4+ 6. Bd2 Bxd2+ 7. Qxd2 Qxg2 8.
Rg1 Qxh2 9. Qe3 Nf6 10. Nbc3 Be6 11. d5 Qh4+ 12. Ng3 Qf4 13. Qe2 Bh3 14. Nb5 Na6
15. Nxc7+ Nxc7 16. a4 O-O 17. Nf5 Bxf5 18. exf5 Qd4 19. Qg2 Nh5 20. Be2 Qxb2 21.
Kd2 Nxd5 22. Bc4 Qc3+ 23. Kc1 Qxa1+ 24. Kd2 Qd4+ 25. Bd3 Ndf4 26. Qg5 e4 27.
fxe4 Rac8 28. Rc1 Qf2+ 29. Be2 Qxe2# 0-1

[Event "MAGNALDO´S GAME"]
[Site "http://www.queenalice.com/game.php?id=517786"]
[Date "2009.1.6"]
[Round "-"]
[White "PHSP"]
[Black "RatzMeister"]
[Result "0-1"]
[WhiteElo "1452"]
[BlackElo "1686"]

1. e4 e5 2. d3 Bc5 3. Be3 Bxe3 4. fxe3 Nf6 5. Nc3 d5 6. exd5 Nxd5 7. Nxd5 Qxd5
8. e4 Qc5 9. Nf3 Qb4+ 10. c3 Qxb2 11. d4 Qxc3+ 12. Nd2 Qxd4 13. Rc1 c6 14. Nf3
Qxe4+ 15. Qe2 Bf5 16. Qxe4 Bxe4 17. Nxe5 O-O 18. Bc4 Bd5 19. O-O f6 20. Ng4 h5
21. Ne3 Bxc4 22. Nxc4 Nd7 23. Rcd1 b5 24. Nd6 Ne5 25. Rc1 b4 26. Rb1 c5 27. h4
Rab8 28. g3 c4 29. Rf4 c3 30. Rc1 Nd3 31. Rcf1 Nxf4 32. gxf4 Rfd8 33. Nc4 Re8
34. Nd6 Re6 35. Nf5 a5 36. Rf2 Rd8 37. Rg2 Kf8 38. Nxg7 Re1+ 39. Kh2 Rd2 40.
Nxh5 Rxg2+ 41. Kxg2 c2 42. Nxf6 c1=Q 43. Nd7+ Ke7 44. Ne5 Qxf4 45. Ng6+ Kf6 46.
Nxf4 Kf5 47. Nd3 Re2+ 48. Kf3 Rxa2 49. Nc1 b3 50. Nxb3 Ra3 51. Ke2 Rxb3 52. Kd2
a4 53. Kc2 Kg6 54. Kc1 a3 55. Kc2 Rb8 56. h5+ Kxh5 57. Kd3 a2 58. Kd4 a1=Q+ 59.
Ke4 Rb4+ 60. Kd5 Qa5+ 61. Ke6 Rb6+ 62. Kd7 Qa7+ 63. Ke8 Rb8# 0-1

[Event "filipewao"]
[Site "http://www.queenalice.com/game.php?id=526295"]
[Date "2009.1.20"]
[Round "2"]
[White "RatzMeister"]
[Black "PHSP"]
[Result "1-0"]
[WhiteElo "1689"]
[BlackElo "1459"]

1. e4 e5 2. Nf3 Nc6 3. Bc4 Nh6 4. d3 d6 5. O-O Bg4 6. h3 Bxf3 7. Qxf3 f6 8. Bxh6
gxh6 9. Qh5+ Kd7 10. Qf5+ Ke8 11. Qe6+ Qe7 12. Qd5 h5 13. f4 Bh6 14. fxe5 dxe5
15. Nc3 Rd8 16. Qb5 Be3+ 17. Kh2 Rb8 18. Nd5 a6 19. Qb3 Na5 20. Qa4+ c6 21. Nxe7
b5 22. Qxa5 Kxe7 23. Qc7+ Ke8 24. Qxb8+ Ke7 25. Qxh8 bxc4 26. Qxf6+ Kd7 27. Qxe5
Kc8 28. Qe7 Bh6 29. dxc4 h4 30. Rad1 Bf8 31. Rd8# 1-0

[Event "Challenge"]
[Site "http://www.queenalice.com/game.php?id=526870"]
[Date "2009.1.21"]
[Round "-"]
[White "filipewao"]
[Black "PHSP"]
[Result "1-0"]
[WhiteElo "1489"]
[BlackElo "1474"]

1. e4 e5 2. Nf3 Nf6 3. Bc4 d5 4. exd5 Nxd5 5. d4 Bg4 6. dxe5 Bxf3 7. Qxf3 c6 8.
Nc3 Bb4 9. Bd2 b5 10. Nxd5 a5 11. Nb6 Qxb6 12. Qxf7+ Kd8 13. Be6 Re8 14. O-O Qc7
15. Bg5+ Be7 16. Rad1+ Nd7 17. Rxd7+ Qxd7 18. Bxd7 Kxd7 19. Rd1+ Kc7 20. Bxe7 g6
21. Bd8+ Kb8 22. Qc7# 1-0

[Event "Challenge"]
[Site "http://www.queenalice.com/game.php?id=539571"]
[Date "2009.2.13"]
[Round "-"]
[White "PHSP"]
[Black "filipewao"]
[Result "1-0"]
[WhiteElo "1464"]
[BlackElo "1567"]

1. e4 e5 2. Nf3 Nc6 3. Bc4 Bc5 4. Bxf7+ Kxf7 5. Ng5+ Qxg5 6. Qf3+ Nf6 7. Nc3 Rf8
8. d3 Nd4 9. Bxg5 Nxf3+ 10. gxf3 Kg8 11. Rg1 c6 12. Bh6 Rf7 13. Na4 Bd6 14. a3
Kh8 15. Be3 Nh5 16. O-O-O Rxf3 17. Rg5 b5 18. Nc5 Nf4 19. Rd2 Be7 20. Rxe5 Bf8
21. Re8 Kg8 22. Nxd7 Kf7 23. Rxf8+ Ke7 24. Rxf4 Rh3 25. Ne5 Rxh2 26. Bc5+ Kd8
27. Nxc6+ Kd7 28. Ne5+ Kc7 29. Rf7+ Kd8 30. Rxg7 h5 31. Nc6+ Ke8 32. f4 Rh3 33.
f5 Bd7 34. f6 Rf3 35. Rg8+ Kf7 36. Rxa8 Bxc6 37. e5 Bxa8 38. Bxa7 Rg3 39. Re2
Bf3 40. Bf2 Rg2 41. e6+ Kxf6 42. e7 Bc6 43. b4 h4 44. Bxh4+ Kf7 45. e8=Q+ Bxe8
46. Rxg2 Ke6 47. c4 bxc4 48. dxc4 Bc6 49. Rg6+ Kd7 50. b5 Be4 51. Ra6 Bd3 52.
Ra4 Kc7 53. Rb4 Kb6 54. Bd8+ Kc5 55. Ba5 Bxc4 56. b6 Ba6 57. b7 Bxb7 58. Rxb7
Kc6 59. Re7 Kb5 60. Bb4 Ka4 61. Kb2 Kb5 62. Kb3 Kb6 63. a4 Ka6 64. a5 Kb5 65.
Ra7 Kc6 66. a6 Kb6 67. Ra8 Kc6 68. Rb8 Kc7 69. a7 Kc6 70. a8=Q+ Kd7 71. Re8 Kc7
72. Qa6 Kd7 73. Qe6+ Kc7 74. Ba5+ Kb7 75. Qb6# 1-0

[Event "MAGNALDO"]
[Site "http://www.queenalice.com/game.php?id=548937"]
[Date "2009.3.2"]
[Round "1"]
[White "PHSP"]
[Black "Kuroi"]
[Result "1-0"]
[WhiteElo "1440"]
[BlackElo "1648"]

1. e4 e5 2. Nf3 Nc6 3. d3 Nf6 4. Nc3 Bb4 5. Be2 d6 6. O-O Bc5 7. a3 Bg4 8. h3
Bxf3 9. Bxf3 Nd4 10. b4 Bb6 11. Be3 Nxf3+ 12. Qxf3 Bxe3 13. Qxe3 Qd7 14. Qg5
O-O-O 15. Qxg7 Nh5 16. Qg4 Qxg4 17. hxg4 Nf6 18. f3 a6 19. a4 Nd7 20. Nd5 f6 21.
c4 Nf8 22. Nxf6 Ng6 23. Nh5 Ne7 24. a5 Nc6 25. Ra4 Nd4 26. Nf6 Ne2+ 27. Kf2 Nd4
28. Rh1 h6 29. Rh5 Ne6 30. Rh4 Nf4 31. Ra3 c6 32. g3 Ng6 33. Rh5 Rdf8 34. g5
hxg5 35. Rxh8 Nxh8 36. Nh7 Rg8 37. g4 Nf7 38. b5 cxb5 39. cxb5 axb5 40. Rb3 Rh8
41. Nf6 Rh2+ 42. Ke3 Nh6 43. Rxb5 Ra2 44. Nd5 Ra1 45. Nb6+ Kc7 46. Nc4 Kc6 47.
Rd5 Rb1 48. Rxd6+ Kc7 49. Rxh6 Re1+ 50. Kd2 Rf1 51. Nxe5 Rf2+ 52. Ke1 Ra2 53.
Rh7+ Kd6 54. Nf7+ Kc5 55. Nxg5 Kc6 56. f4 Rxa5 57. e5 b5 58. Kd2 b4 59. Rh1 Ra2+
60. Ke3 Kb5 61. Ne4 b3 62. Nd2 b2 63. e6 Kb4 64. e7 Ra1 65. Rb1 Rxb1 66. Nxb1
Kb3 67. e8=Q Kc2 68. Nd2 1-0

[Event "Partida valendo o toba"]
[Site "http://www.queenalice.com/game.php?id=564796"]
[Date "2009.4.1"]
[Round "-"]
[White "RatzMeister"]
[Black "PHSP"]
[Result "1-0"]
[WhiteElo "1724"]
[BlackElo "1445"]

1. e4 e5 2. Nf3 Nc6 3. Bc4 Qe7 4. Nc3 Nf6 5. d3 d6 6. h3 h6 7. O-O Nd4 8. Be3
Nxf3+ 9. Qxf3 Be6 10. b3 g5 11. Nd5 Bg7 12. Nxe7 1-0

[Event "Challenge"]
[Site "http://www.queenalice.com/game.php?id=583363"]
[Date "2009.5.5"]
[Round "-"]
[White "filipewao"]
[Black "PHSP"]
[Result "0-1"]
[WhiteElo "1587"]
[BlackElo "1472"]

1. e4 e5 2. Nf3 d6 3. Bc4 Be6 4. d3 Nc6 5. Bg5 Be7 6. Qd2 h6 7. Bxe6 fxe6 8. Be3
Nf6 9. Nc3 d5 10. exd5 exd5 11. O-O d4 12. Bxd4 exd4 13. Nb5 a6 14. Na3 b5 15.
c3 b4 16. cxb4 Bxb4 17. Qe2+ Ne7 18. Qe5 O-O 19. Nc2 Rb8 20. Ncxd4 Qd6 21. Qe6+
Kh8 22. Qe2 Rfe8 23. a3 Bc5 24. Nb3 Ng4 25. h3 Nxf2 26. d4 Rxb3 27. dxc5 Qxc5
28. Rxf2 Re3 29. Qxa6 Nf5 30. g4 Rxf3 31. Qf1 Nh4 32. Re1 Ref8 33. Re2 Rg3+ 34.
Kh2 Rg2+ 35. Kh1 Rfxf2 36. Rxf2 Qxf2 37. Qxf2 Rxf2 38. b3 Ra2 39. a4 Rb2 40. a5
Rxb3 41. Kh2 Ra3 42. a6 Rxa6 43. Kg3 g5 44. Kf2 Ra3 45. Ke2 Rxh3 46. Kf2 c5 47.
Ke2 c4 48. Kd2 c3+ 49. Kc2 Ng2 50. Kb3 Ne1 0-1

[Event "CRI_PAU_FI_RA"]
[Site "http://www.queenalice.com/game.php?id=633020"]
[Date "2009.8.8"]
[Round "1"]
[White "Cristiano_Siqueira"]
[Black "PHSP"]
[Result "1-0"]
[WhiteElo "1128"]
[BlackElo "1479"]

1. d4 d5 2. c4 Nf6 3. cxd5 Nxd5 4. e4 Nb6 5. Nf3 Bg4 6. Be2 e6 7. O-O Nc6 8. Bb5
Bd6 9. Bxc6+ bxc6 10. Qc2 Qd7 11. Ne5 Bxe5 12. dxe5 O-O 13. f3 Bh5 14. Rd1 Qe7
15. Qxc6 h6 16. Nc3 Rad8 17. Be3 f6 18. exf6 Rxf6 19. Bc5 Rd6 20. Bxd6 cxd6 21.
Qxd6 Qxd6 22. Rxd6 Nc4 23. Ra6 Nxb2 24. Rb1 Nd3 25. Rb8+ Kh7 26. Rxa7 Bf7 27.
Rbb7 Ne5 28. Nb5 Kg6 29. Nd6 Nc6 30. Nxf7 Nxa7 31. Ne5+ Kh7 32. Rxa7 h5 33. a4
Kh6 34. a5 g5 35. Nf7+ Kg6 36. Ne5+ Kh6 37. Rf7 Rxf7 38. Nxf7+ 1-0

[Event "Partida valendo 1 Açaí Gigante"]
[Site "http://www.queenalice.com/game.php?id=646859"]
[Date "2009.9.3"]
[Round "-"]
[White "PHSP"]
[Black "filipewao"]
[Result "0-1"]
[WhiteElo "1493"]
[BlackElo "1544"]

1. c4 e5 2. d3 Nc6 3. Nf3 Bc5 4. Be3 d6 5. a3 Nf6 6. h3 O-O 7. d4 e4 8. Ng5 d5
9. dxc5 d4 10. Bf4 h6 11. e3 d3 12. Nxe4 Nxe4 13. Bxd3 Nxc5 14. Bc2 Qf6 15. Nc3
Bf5 16. e4 Rad8 17. Nd5 Qd4 18. exf5 Qxc4 19. b3 Qxd5 20. b4 Qxg2 21. Rh2 Rfe8+
22. Be3 Qxh2 23. Qe2 Nd4 24. Qc4 Qh1+ 25. Qf1 Qf3 26. Rc1 Nxc2+ 27. Rxc2 Qd1#
0-1